[Event "27th Chicago Open"]
[Site "Chicago"]
[Date "2018.05.25"]
[Round "2"]
[White "Wang, Justin"]
[Black "Fernandez, Daniel"]
[Result "1/2-1/2"]
[WhiteElo "2338"]
[BlackElo "2498"]
[PlyCount "94"]
[EventDate "2018.05.??"]
[EventType "swiss"]
[EventRounds "9"]
[EventCountry "USA"]

1. e4 c5 2. Nf3 e6 3. d4 cxd4 4. Nxd4 a6 5. Nc3 Qc7 6. f4 b5 7. a3 Bb7 8. Bd3
Nc6 9. Nb3 d6 10. Qe2 Nf6 11. g4 Be7 12. Bd2 Nd7 13. h4 Nc5 14. Qf2 b4 15. Ne2
bxa3 16. bxa3 Nxd3+ 17. cxd3 O-O 18. g5 f5 19. exf5 Rxf5 20. O-O Qd7 21. Rae1
Rff8 22. Ng3 g6 23. Bc3 e5 24. f5 gxf5 25. Nxf5 Qe6 26. Nd2 Bc8 27. Nxe7+ Qxe7
28. Qxf8+ Qxf8 29. Rxf8+ Kxf8 30. Nc4 Be6 31. Nxd6 Rd8 32. Nb7 Rxd3 33. Bxe5
Nxe5 34. Rxe5 Bc8 35. Nc5 Rxa3 36. Ne4 Re3 37. Kf2 Rh3 38. Nf6 Bb7 39. h5 Kf7
40. Rc5 Ke6 41. Rc7 Bf3 42. Rc3 Bg4 43. Rc6+ Kf5 44. Rc5+ Kf4 45. Rc4+ Kxg5 46.
Nxg4 Kxh5 47. Kg2 Ra3 1/2-1/2

[Event "27th Chicago Open"]
[Site "Chicago"]
[Date "2018.05.25"]
[Round "2"]
[White "Shmeliov, Denis"]
[Black "Homa, Seth"]
[Result "1-0"]
[WhiteElo "2443"]
[BlackElo "2231"]
[PlyCount "107"]
[EventDate "2018.05.??"]
[EventType "swiss"]
[EventRounds "9"]
[EventCountry "USA"]

1. c4 e6 2. g3 d5 3. Nf3 Nf6 4. Bg2 dxc4 5. Na3 Bxa3 6. bxa3 Nbd7 7. Bb2 c5 8.
Rc1 O-O 9. O-O Nd5 10. Rxc4 b6 11. Rh4 Bb7 12. Qb1 h6 13. Qa1 f6 14. d4 Qe7 15.
dxc5 Nxc5 16. a4 Rac8 17. Ba3 Rfd8 18. Rc1 Qe8 19. a5 Na4 20. Rxc8 Rxc8 21.
axb6 axb6 22. Nd4 Rc3 23. Bc1 Rc4 24. Bd2 e5 25. Nf5 Rxh4 26. Nxh4 e4 27. Qd4
Nc5 28. f3 Ne7 29. fxe4 Nc6 30. Qc4+ Qf7 31. Qxf7+ Kxf7 32. Nf5 Ba6 33. Kf2 Ne5
34. h3 h5 35. Bc3 g6 36. Ne3 Bb7 37. Nd5 b5 38. Bd4 Ne6 39. Bc3 g5 40. Ke1 h4
41. gxh4 gxh4 42. Kf2 Ng5 43. Ke3 Nc4+ 44. Kf4 Ne6+ 45. Kg4 Bxd5 46. exd5 Ne3+
47. Kxh4 Nxg2+ 48. Kg3 Nef4 49. Bd2 Nxe2+ 50. Kxg2 Nd4 51. Kg3 Ke7 52. Bb4+ Kd7
53. Kf4 Ne2+ 54. Kf5 1-0

[Event "27th Chicago Open"]
[Site "Chicago"]
[Date "2018.05.25"]
[Round "2"]
[White "Gurevich, Dmitry"]
[Black "Miellier, Yan"]
[Result "1/2-1/2"]
[WhiteElo "2429"]
[BlackElo "2050"]
[PlyCount "120"]
[EventDate "2018.05.??"]
[EventType "swiss"]
[EventRounds "9"]
[EventCountry "USA"]

1. Nf3 Nf6 2. c4 c5 3. d4 cxd4 4. Nxd4 Nc6 5. Nc3 Nxd4 6. Qxd4 g6 7. Bg5 Bg7 8.
Nd5 O-O 9. Bxf6 exf6 10. Qd2 f5 11. g3 b6 12. Bg2 Bb7 13. O-O Rc8 14. Rac1 Bxd5
15. Bxd5 Qf6 16. b3 Rfe8 17. Bf3 Red8 18. Rfd1 h5 19. a4 h4 20. a5 Bf8 21. Ra1
Rc5 22. axb6 Qxb6 23. Bd5 Bg7 24. Ra3 hxg3 25. hxg3 a5 26. Rb1 Re8 27. Ra4 Qf6
28. Bf3 f4 29. Qxf4 Qxf4 30. gxf4 Rb8 31. Bd5 Bc3 32. Ra2 Kf8 33. Rc2 Bf6 34.
e4 Rb4 35. e5 Bg7 36. Re2 Bh6 37. f5 gxf5 38. Kg2 a4 39. Rh1 axb3 40. Rxh6 b2
41. Rxb2 Rxb2 42. Rf6 Rxd5 43. cxd5 Rb5 44. Rd6 Ke7 45. Kg3 Rb3+ 46. Kf4 Rd3
47. Kg5 f6+ 48. Rxf6 Rxd5 49. f4 Rd1 50. Rh6 Rg1+ 51. Kxf5 Rg7 52. Rh4 Rf7+ 53.
Ke4 d6 54. f5 dxe5 55. Kxe5 Kf8 56. f6 Kg8 57. Rg4+ Kf8 58. Rh4 Kg8 59. Kf5 Ra7
60. Kg6 Rg7+ 1/2-1/2

[Event "27th Chicago Open"]
[Site "Chicago"]
[Date "2018.05.25"]
[Round "2"]
[White "Durarbayli, Vasif"]
[Black "Colas, Joshua"]
[Result "1-0"]
[WhiteElo "2618"]
[BlackElo "2262"]
[PlyCount "103"]
[EventDate "2018.05.??"]
[EventType "swiss"]
[EventRounds "9"]
[EventCountry "USA"]

1. e4 c6 2. d4 d5 3. e5 Bf5 4. Nf3 e6 5. Be2 c5 6. Be3 cxd4 7. Nxd4 Ne7 8. f4
Nbc6 9. Nb5 Nc8 10. O-O a6 11. Nd4 Nxd4 12. Bxd4 Qc7 13. c3 Bc5 14. Qa4+ Kf8
15. Nd2 Bc2 16. Bxc5+ Qxc5+ 17. Qd4 Qxd4+ 18. cxd4 Nb6 19. Rfc1 Rc8 20. a4 Ke7
21. a5 Nd7 22. Kf2 Rhd8 23. Nc4 dxc4 24. Rxc2 Nb8 25. Ke3 Rc7 26. Ra4 Rcd7 27.
Rcxc4 Nc6 28. Bf3 Na7 29. h4 f6 30. g4 Nb5 31. h5 h6 32. Be4 fxe5 33. fxe5 Rf8
34. Bg2 Rfd8 35. Rab4 Kf7 36. Be4 Ke7 37. Rc5 Nxd4 38. Rxb7 Rxb7 39. Bxb7 Nb3
40. Rc7+ Rd7 41. Rxd7+ Kxd7 42. Bxa6 Ke7 43. Bb5 Nxa5 44. b4 Nb7 45. Bc6 Nd8
46. b5 Nf7 47. Kd4 Kd8 48. b6 Kc8 49. Be8 Ng5 50. Kc5 Kd8 51. Kd6 Ne4+ 52. Kc6
1-0

[Event "27th Chicago Open"]
[Site "Chicago"]
[Date "2018.05.25"]
[Round "2"]
[White "Li, Ruifeng"]
[Black "Watson, John"]
[Result "1-0"]
[WhiteElo "2587"]
[BlackElo "2218"]
[PlyCount "81"]
[EventDate "2018.05.??"]
[EventType "swiss"]
[EventRounds "9"]
[EventCountry "USA"]

1. b3 e5 2. Bb2 Nc6 3. Nf3 e4 4. Nd4 Nf6 5. e3 Nxd4 6. Bxd4 Be7 7. c4 O-O 8.
Nc3 c6 9. Be2 d5 10. cxd5 cxd5 11. O-O Bf5 12. f4 exf3 13. Bxf3 Bd3 14. Be2 Bg6
15. Qe1 a6 16. Qg3 Ne4 17. Nxe4 dxe4 18. Rf5 Bd6 19. Qg4 f6 20. Raf1 Bxf5 21.
Rxf5 b5 22. Qxe4 Qe7 23. Qd5+ Kh8 24. Bd3 g6 25. Rxf6 Rxf6 26. Qxa8+ Kg7 27.
Qe4 Qc7 28. Bxf6+ Kxf6 29. Kf2 Qc1 30. Ke2 Qc5 31. g3 Kg7 32. Qg4 Kf6 33. Be4
b4 34. Bd3 a5 35. Bc4 Kg7 36. d4 Qc6 37. e4 Qb6 38. e5 Bb8 39. Qd7+ Kh6 40. Bg8
Ba7 41. Qxh7+ 1-0

[Event "27th Chicago Open"]
[Site "Chicago"]
[Date "2018.05.25"]
[Round "2"]
[White "Shetty, Atulya"]
[Black "Chen, Jacob"]
[Result "1-0"]
[WhiteElo "2373"]
[BlackElo "2101"]
[PlyCount "111"]
[EventDate "2018.05.??"]
[EventType "swiss"]
[EventRounds "9"]
[EventCountry "USA"]

1. c4 e5 2. g3 Nf6 3. Bg2 c6 4. d4 exd4 5. Qxd4 d5 6. Nf3 Be7 7. O-O O-O 8.
cxd5 Qxd5 9. Qa4 Qh5 10. Nc3 Nbd7 11. Qc2 Nb6 12. e4 Bh3 13. Ne2 Bxg2 14. Kxg2
Rfe8 15. e5 Nfd5 16. Ned4 Bf8 17. Re1 Nd7 18. h3 c5 19. Nb5 Qg6 20. Qxg6 hxg6
21. Rd1 N7b6 22. a4 a6 23. Na3 Nb4 24. a5 N6d5 25. Nc4 Rad8 26. Rd2 Nc7 27.
Rxd8 Rxd8 28. Bd2 Nc2 29. Rc1 Nd4 30. Bg5 Rd7 31. Nxd4 Rxd4 32. Be3 Rd8 33. Kf3
Be7 34. Ke4 Ne6 35. f4 Kf8 36. g4 Ke8 37. Rc2 Nd4 38. Rd2 Nc6 39. f5 gxf5+ 40.
gxf5 Rxd2 41. Bxd2 Nd4 42. Bc3 Nb5 43. Nb6 Bd8 44. Kd5 Bxb6 45. axb6 Nxc3+ 46.
bxc3 Ke7 47. Kxc5 f6 48. e6 g6 49. fxg6 Kxe6 50. Kd4 a5 51. c4 a4 52. c5 a3 53.
Kc3 a2 54. Kb2 f5 55. c6 f4 56. cxb7 1-0

[Event "27th Chicago Open"]
[Site "Chicago"]
[Date "2018.05.24"]
[Round "1"]
[White "Colas, Joshua"]
[Black "Li, Ruifeng"]
[Result "1/2-1/2"]
[WhiteElo "2262"]
[BlackElo "2587"]
[PlyCount "91"]
[EventDate "2018.05.??"]
[EventType "swiss"]
[EventRounds "9"]
[EventCountry "USA"]

1. Nf3 c5 2. c4 Nc6 3. b3 e5 4. Bb2 d6 5. e3 g6 6. Be2 Bg7 7. O-O f5 8. Nc3
Nge7 9. a3 O-O 10. b4 h6 11. Ne1 cxb4 12. axb4 Nxb4 13. Nb5 a6 14. Qb3 Nbc6 15.
Nxd6 Qxd6 16. c5+ Be6 17. cxd6 Bxb3 18. dxe7 Rfe8 19. Nd3 e4 20. Nc5 Bxb2 21.
Rab1 Ba3 22. Nxb3 Rxe7 23. d4 exd3 24. Bxd3 Rd8 25. Rfd1 Red7 26. Bc4+ Kg7 27.
Rxd7+ Rxd7 28. Be6 Rc7 29. Kf1 Kf6 30. Bd5 Nb4 31. Bf3 b5 32. Nd4 Ke5 33. Rb3
Rc1+ 34. Ke2 Ra1 35. Bb7 g5 36. h3 h5 37. Rc3 Ra2+ 38. Kf3 g4+ 39. hxg4 hxg4+
40. Kg3 f4+ 41. Kxg4 fxe3 42. fxe3 Bb2 43. Nc6+ Nxc6 44. Rxc6 Ra4+ 45. Kf3 b4
46. Rxa6 1/2-1/2

[Event "27th Chicago Open"]
[Site "Chicago"]
[Date "2018.05.25"]
[Round "1"]
[White "Shabalov, Alexander"]
[Black "Zhang, Chao"]
[Result "1-0"]
[WhiteElo "2564"]
[BlackElo "2273"]
[PlyCount "109"]
[EventDate "2018.05.??"]
[EventType "swiss"]
[EventRounds "9"]
[EventCountry "USA"]

1. c4 e6 2. Nf3 d5 3. d4 Nf6 4. Bg5 Be7 5. e3 O-O 6. Bd3 dxc4 7. Bxc4 b6 8. O-O
Bb7 9. Qe2 Ne4 10. Bf4 Nd7 11. Rd1 Ndf6 12. h3 Qc8 13. Bd3 c5 14. Na3 Qc6 15.
Ne5 Qa4 16. Rac1 cxd4 17. Bb5 Qa5 18. Rc7 Bxa3 19. Rxb7 Bxb2 20. Qxb2 Nc3 21.
Rb1 Nxb1 22. Qxb1 dxe3 23. fxe3 Qc3 24. Nc4 Rfd8 25. Be5 Qd3 26. Qxd3 Rxd3 27.
Bd4 Rd1+ 28. Kh2 Nd5 29. Bc6 Rc1 30. Bxd5 exd5 31. Nd6 f6 32. Nf5 Rf1 33. Nxg7
Rc8 34. Nh5 Rc6 35. Rxa7 b5 36. Rb7 Ra6 37. Rxb5 Rf5 38. Nf4 Rxa2 39. Rxd5 Rxd5
40. Nxd5 f5 41. Ne7+ Kf7 42. Nxf5 Ke6 43. Nh6 Kd5 44. Ng4 Kc4 45. Kg3 Kd3 46.
Kf3 Kc4 47. Nf6 h6 48. h4 Ra5 49. g4 Kd3 50. h5 Ra8 51. Kf4 Ra5 52. Ng8 Ra6 53.
Ne7 Ra5 54. Nf5 Ra6 55. Bg7 1-0